000
00341 a2200157 4500
001
160804
020
_a
040
_c
Magnum
100
_a
Botelho, Mariza Andrade Maia
240
1
0
_a
Viva o verde verde!
_l
por
245
1
0
_a
Viva o verde verde!
300
_a
78
362
0
_a
1992
697
_a
LITERATURA INFANTO-JUVENIL
942
_c
BK
999
_c
160804
_d
160804